| 000 | 00653nam a2200229 i 4500 | ||
|---|---|---|---|
| 001 | 8733 | ||
| 003 | ES-MaACL | ||
| 005 | 20230906145522.0 | ||
| 007 | t| | ||
| 008 | 920827s1985 sp ||||1| spa d | ||
| 020 | _a84-7541-734-5 | ||
| 080 | _a86-14"19" | ||
| 080 | _a86(Rodríguez Chaves,J.7 H.01) | ||
| 100 | 1 |
_aRodríguez Chaves, José. _998420 |
|
| 245 | 1 | 0 |
_aHombre entre los hombres / _cJosé Rodríguez Chaves. |
| 260 |
_aCórdoba : _bEl Paisaje, _cD.L. 1985. |
||
| 300 |
_a60 p. ; _c20 cm. |
||
| 490 | 1 |
_aGuadalquivir ; _v74 |
|
| 830 | 0 |
_aGuadalquivir ; _v74 _9227991 |
|
| 852 |
_aES-MaACL _jL-16191 _bR.110729 |
||
| 999 |
_c8733 _d8733 |
||